000 00537nam a2200181Ia 4500
005 20250326141232.0
008 250326s9999 xx 000 0 und d
037 _aTextbook
040 _aFMSL
_beng
_cFMSL
041 _aeng
_2eng
084 _aX:51.44y7 M8;13
_qFMSL
100 _aNeelamegham S.
245 0 _aMarketing in india: Cases and Reading
_cNeelamegham S.
260 _aNew Delhi
_bNew Delhi, Vikas publishing house.
_c1988
300 _a952p
942 _cTB
_hX:51.44y7 M8;13
999 _c1289358
_d1289358